000 00616nam a22001817a 4500
005 20251108164330.0
008 250721s1990 xx 000 0 ara d
082 1 4 _a669/منص
100 1 _aمنصور، إبراهيم محمود
245 1 0 _aإستخلاص المعادن اللاحديدية /
264 1 _aبغداد :
_bوزارة التعليم العالي و البحث العلمي - الجامعه التكنولوجيه،
_c1990.
300 _a532ص
650 1 7 _aالتعدين
650 1 7 _aالمعادن
700 1 _aعبد اللطيف، نوال عزت
942 _2ddc
_cBK
999 _c9556
_d9556